[Event "Championnat de France 2022"]
[Site "ALBI, France"]
[Date "2022.08.16"]
[Round "4.2"]
[White "Saya, Ethan"]
[Black "Bitbol-Delaveyne, Maelan"]
[Result "1/2-1/2"]
[WhiteElo "2146"]
[BlackElo "2116"]
[PlyCount "154"]
[EventDate "2022.??.??"]

1. d4 {33} Nf6 {88} 2. c4 {168} e6 {19} 3. Nc3 {6} Bb4 {17} 4. Bd2 {10} d5 {154
} 5. e3 {15} c6 {120} 6. Nf3 {68} Nbd7 {102} 7. Bd3 {76} Bd6 {1045} 8. O-O {326
} dxc4 {643} 9. Bxc4 {8} e5 {453} 10. dxe5 {488} Nxe5 {22} 11. Nxe5 {14} Bxe5 {
11} 12. f4 {9} Bc7 {231} 13. Kh1 {422} O-O {333} 14. Qc2 {960} Re8 {911} 15.
Rae1 {230} Qe7 {432} 16. e4 {134} Ng4 {314} 17. Be3 {1029} b5 {403} 18. Bd3 {96
} Qh4 {51} 19. g3 {310} Qh5 {56} 20. Bg1 {66} a6 {82} 21. Be2 {253} Bd7 {360}
22. Bf3 {267} Rad8 {18} 23. Qg2 {170} Qh6 {100} 24. e5 {55} Nxe5 {77} 25. fxe5
{10} Bh3 {9} 26. Qf2 {272} Rd2 {74} 27. Re2 {43} Rxe2 {37} 28. Bxe2 {102} Bxf1
{10} 29. Bxf1 {9} Bxe5 {19} 30. Bg2 {57} c5 {60} 31. Qxc5 {216} Bxg3 {19} 32.
Qc6 {55} Qxc6 {18} 33. Bxc6 {2} Re6 {13} 34. Bxb5 {85} Bc7 {99} 35. Bc4 {40}
Re1 {30} 36. Bxa6 {87} Bb6 {19} 37. Ne2 {2} Rb1 {43} 38. Bd3 {285} Rd1 {12} 39.
Bc4 {73} Bxg1 {35} 40. Nxg1 {5} Rd2 {16} 41. Nf3 {209} Rxb2 {339} 42. Ne5 {47}
Kf8 {81} 43. Nxf7 {50} Ke7 {335} 44. Ng5 {147} h6 {167} 45. Ne4 {46} Rb4 {108}
46. Nd2 {21} Rb2 {65} 47. Ne4 {9} Rb4 {29} 48. Nd2 {6} Rb2 {46} 49. Nf3 {40} g5
{142} 50. a4 {95} Kd6 {115} 51. a5 {268} Kc5 {52} 52. Bd3 {73} Rb3 {20} 53. Be2
{15} Rb2 {218} 54. Bd3 {158} g4 {147} 55. Nh4 {174} Kd4 {24} 56. Bf1 {2} Ke3 {
71} 57. Kg1 {3} Kf4 {51} 58. Ng6+ {36} Kg5 {98} 59. Ne5 {737} Ra2 {22} 60. a6 {
149} h5 {112} 61. Nc6 {173} h4 {9} 62. Bc4 {28} Ra3 {135} 63. a7 {37} Kf4 {36}
64. Bd5 {21} h3 {123} 65. Kf2 {19} Ra1 {25} 66. Ke2 {40} g3 {32} 67. hxg3+ {27}
Kxg3 {3} 68. Ke3 {50} h2 {46} 69. Ke2 {38} Ra3 {39} 70. Be4 {27} Ra2+ {31} 71.
Ke3 {7} Ra4 {38} 72. Bd5 {15} Ra3+ {25} 73. Kd4 {22} Kf2 {29} 74. Kc5 {26} Kg1
{34} 75. Kb6 {15} Rxa7 {27} 76. Kxa7 {6} h1=Q {4} 77. Bxh1 {4} Kxh1 {2} 1/2-1/2

[Event "Championnat de France 2022"]
[Site "ALBI, France"]
[Date "2022.08.16"]
[Round "4.4"]
[White "Pourquet, Matthieu"]
[Black "Nicolas, Guillaume"]
[Result "1-0"]
[WhiteElo "2190"]
[BlackElo "2085"]
[PlyCount "83"]
[EventDate "2022.??.??"]

1. d4 {511} d5 {25} 2. c4 {5} e6 {12} 3. Nc3 {5} Nf6 {25} 4. cxd5 {12} exd5 {23
} 5. Bg5 {4} Be7 {256} 6. e3 {28} O-O {39} 7. Bd3 {6} h6 {37} 8. Bf4 {165} b6 {
729} 9. Nf3 {19} Bb7 {91} 10. Ne5 {31} Nbd7 {551} 11. Qf3 {10} Nxe5 {1055} 12.
Bxe5 {194} Re8 {1250} 13. O-O {19} c6 {279} 14. Rab1 {170} a5 {203} 15. h3 {14}
Ba6 {62} 16. Bxa6 {438} Rxa6 {4} 17. Rbc1 {5} Qd7 {173} 18. Rfd1 {37} Raa8 {116
} 19. a4 {1115} Rac8 {33} 20. b3 {226} Qe6 {118} 21. Bxf6 {67} Qxf6 {80} 22.
Qg4 {16} Qd6 {279} 23. Rc2 {17} Qd8 {90} 24. Ne2 {337} Bd6 {84} 25. Ng3 {113}
Bxg3 {7} 26. Qxg3 {3} Qd7 {28} 27. Rdc1 {16} Red8 {176} 28. Qf3 {140} Kf8 {62}
29. Qe2 {60} Qb7 {12} 30. Rc3 {67} Rd6 {27} 31. h4 {199} Kg8 {64} 32. g3 {115}
Re8 {17} 33. Rb1 {238} Qa7 {218} 34. Qc2 {6} Rc8 {55} 35. Kg2 {435} Rf6 {48}
36. b4 {25} axb4 {61} 37. Rxb4 {4} Rd6 {45} 38. Qf5 {26} Rc7 {82} 39. Rcb3 {5}
Rcd7 {61} 40. Rxb6 {151} Qxa4 {29} 41. Rb8+ {22} Rd8 {23} 42. R3b7 {9} 1-0

[Event "Championnat de France 2022"]
[Site "ALBI, France"]
[Date "2022.08.16"]
[Round "4.5"]
[White "Zounani, Yacine"]
[Black "Trabet, Mathis"]
[Result "1/2-1/2"]
[WhiteElo "2125"]
[BlackElo "2066"]
[PlyCount "96"]
[EventDate "2022.??.??"]

1. d4 {3} Nf6 {34} 2. c4 {7} g6 {8} 3. g3 {13} Bg7 {7} 4. Bg2 {4} O-O {35} 5.
Nc3 {7} c5 {38} 6. d5 {26} d6 {44} 7. Nf3 {20} e6 {490} 8. O-O {9} exd5 {192}
9. cxd5 {5} a6 {206} 10. a4 {10} Bg4 {569} 11. Nd2 {23} b6 {332} 12. Nc4 {222}
Ra7 {112} 13. Bf4 {181} Ne8 {47} 14. h3 {813} Bf5 {401} 15. e4 {591} Bc8 {100}
16. Qd2 {116} Rb7 {288} 17. Bh6 {394} b5 {275} 18. Bxg7 {40} Nxg7 {72} 19. axb5
{181} axb5 {8} 20. Na5 {98} Rb6 {82} 21. b4 {509} c4 {541} 22. f4 {143} Qc7 {
226} 23. g4 {316} Na6 {87} 24. Ne2 {68} f5 {167} 25. exf5 {39} gxf5 {27} 26. g5
{19} Bd7 {310} 27. Qc3 {65} Rbb8 {125} 28. Nd4 {86} Qb6 {141} 29. Rfd1 {205}
Nh5 {400} 30. Qf3 {247} Ng7 31. Qa3 {291} Nh5 {162} 32. Qf3 {413} Ng7 {32} 33.
Qc3 {129} Qd8 {10} 34. Ne2 Qc7 35. Rf1 {1} Rfe8 {8} 36. Kh2 Re7 37. Nd4 Rc8 38.
Ne2 Rb8 39. Nd4 {3} Rf8 {7} 40. Nac6 {3} Rb8 {17} 41. Na5 {4} Rf8 {9} 42. Nac6
Ree8 {5} 43. Na5 {2} Re7 44. Ne2 Ree8 {2} 45. Nd4 {1} Qb6 {22} 46. Nac6 {9}
Bxc6 47. Bf3 {15} Re7 {2} 48. Nxc6 Re3 {9} 1/2-1/2

[Event "Championnat de France 2022"]
[Site "ALBI, France"]
[Date "2022.08.17"]
[Round "5.2"]
[White "Ribiere, Damien"]
[Black "Saya, Ethan"]
[Result "1/2-1/2"]
[WhiteElo "2112"]
[BlackElo "2146"]
[PlyCount "111"]
[EventDate "2022.??.??"]

1. e4 e6 2. d4 d5 3. Nc3 Nf6 4. e5 Nfd7 5. Nf3 c5 6. dxc5 Nc6 7. Bf4 Bxc5 8.
Bd3 f6 9. exf6 Nxf6 10. Qe2 O-O 11. O-O-O a6 12. Ne5 Bd6 13. Bg3 Qc7 14. Ng4
Nxg4 15. Qxg4 Ne5 16. Qd4 Nxd3+ 17. Rxd3 Kh8 18. Bxd6 Qxd6 19. g3 Bd7 20. f4
Rac8 21. Re1 Rc6 22. Rd2 Qc7 23. Qb4 Rc8 24. Re5 h6 25. Ree2 Rc4 26. Qa3 b5 27.
Nd1 Be8 28. Ne3 Ra4 29. Qf8+ Kh7 30. Nxd5 Rxa2 31. Rd3 exd5 32. Rc3 Bc6 33.
Qf5+ Kh8 34. Re6 Ra1+ 35. Kd2 Qa7 36. Rcxc6 Qd4+ 37. Qd3 Qb4+ 38. Qc3 Qxc3+ 39.
Kxc3 Rxc6+ 40. Rxc6 Kg8 41. Rd6 Rh1 42. Rxa6 Rxh2 43. Rb6 Rg2 44. Rxb5 Rxg3+
45. Kd4 Rg2 46. c3 Rd2+ 47. Ke3 Rc2 48. Kd3 Rf2 49. Rxd5 Rxb2 50. c4 Kf7 51.
Ke4 Ke6 52. Re5+ Kf6 53. Rc5 Re2+ 54. Kf3 Rc2 55. Ke4 Re2+ 56. Kf3 1/2-1/2

[Event "Championnat de France 2022"]
[Site "ALBI, France"]
[Date "2022.08.17"]
[Round "5.3"]
[White "Pieri, Pierre-Louis"]
[Black "Muller, Etienne"]
[Result "1-0"]
[WhiteElo "2109"]
[BlackElo "2118"]
[PlyCount "99"]
[EventDate "2022.??.??"]

1. e4 {2} c5 {169} 2. Nc3 {129} d6 {62} 3. d4 {13} cxd4 {17} 4. Qxd4 {7} a6 {69
} 5. Be3 {368} Nc6 {52} 6. Qd2 {70} Nf6 {15} 7. f3 {58} Bd7 {65} 8. g4 {125} h6
{36} 9. O-O-O {11} e6 {31} 10. Kb1 {484} b5 {38} 11. h4 {162} Ne5 {37} 12. Qg2
{473} b4 {637} 13. Nce2 {725} Nc4 {34} 14. Bc1 {6} g6 {487} 15. Nd4 {152} Qc7 {
187} 16. g5 {574} hxg5 {10} 17. hxg5 {93} Rxh1 {18} 18. Qxh1 {96} Nh5 {8} 19.
Bxc4 {149} Qxc4 {6} 20. f4 {49} e5 {249} 21. fxe5 {268} dxe5 {136} 22. Ndf3 {
368} Rc8 {30} 23. Qh2 {7} Be6 {62} 24. b3 {44} Qxe4 {52} 25. Nxe5 {157} Bg7 {
275} 26. Bb2 {442} Nf4 {696} 27. Nc4 {380} Bf8 {747} 28. Qd2 {253} Nd5 {378}
29. Re1 {89} Qh4 {10} 30. Nf3 {21} Qg3 {6} 31. Nd4 {161} Rd8 {605} 32. Qe2 {56}
Nf4 {7} 33. Qe4 {9} Be7 {33} 34. Nc6 {215} Bxg5 {343} 35. Nxd8 {11} Bxd8 {3}
36. Qc6+ {84} Kf8 {28} 37. Qd6+ {5} Ke8 {40} 38. Rd1 {31} Qh4 {47} 39. Bg7 {39}
Nd5 {303} 40. Qc6+ {36} Ke7 {23} 41. Qc5+ {128} Ke8 {68} 42. Qf8+ {328} Kd7 {8}
43. Rxd5+ {112} Bxd5 {6} 44. Qd6+ {4} Ke8 {224} 45. Qxd5 {6} Qe1+ {13} 46. Kb2
{15} f6 {4} 47. Nd6+ {70} Ke7 {39} 48. Bf8+ {158} Kd7 {6} 49. Qb7+ {243} Ke6 {
139} 50. Qf7+ {Kd5 16 28} 1-0

[Event "Championnat de France 2022"]
[Site "ALBI, France"]
[Date "2022.08.17"]
[Round "5.4"]
[White "Bitbol-Delaveyne, Maelan"]
[Black "Bourdeaux, Gabin"]
[Result "1-0"]
[WhiteElo "2116"]
[BlackElo "1983"]
[PlyCount "91"]
[EventDate "2022.??.??"]

1. Nf3 {31} Nf6 {16} 2. c4 {7} c5 {11} 3. g3 {4} b6 4. Bg2 Bb7 5. O-O g6 6. Nc3
Bg7 7. d4 cxd4 8. Qxd4 O-O 9. Qh4 d6 10. Rd1 Nbd7 11. Bg5 Rc8 12. b3 Nc5 13.
Rac1 Ne6 14. Be3 a6 15. Bh3 Bxf3 16. exf3 Nd7 17. Nd5 Bf6 18. Nxf6+ Nxf6 19. f4
Rb8 20. f5 Ng7 21. Bh6 Kh8 22. Qg5 Rg8 23. fxg6 fxg6 24. Qd2 Qe8 25. Re1 Rf8
26. Re2 Rf7 27. Rce1 Rd8 28. Bg5 Qf8 29. Qb2 d5 30. Be3 dxc4 31. Bxb6 Rb8 32.
bxc4 Kg8 33. a4 Qe8 34. a5 Nd7 35. Bg2 e6 36. Qb4 Rf5 37. Qd6 Nxb6 38. axb6 Rd8
39. Qa3 a5 40. Bh3 Rh5 41. Bg4 Rg5 42. Bxe6+ Nxe6 43. Rxe6 Qf7 44. Qe3 Rf8 45.
Re8 Rf5 46. Rxf8+ 1-0

[Event "Championnat de France 2022"]
[Site "ALBI, France"]
[Date "2022.08.17"]
[Round "5.5"]
[White "Devallee, Jeremie"]
[Black "Arnaud, Aurelien"]
[Result "1-0"]
[WhiteElo "2186"]
[BlackElo "2054"]
[PlyCount "45"]
[EventDate "2022.??.??"]

1. Nc3 {195} Nf6 {6} 2. g4 Nxg4 3. e4 d6 4. Be2 Nf6 5. d4 e5 6. Nf3 exd4 7.
Nxd4 Nc6 8. Bf4 Qe7 9. Qd3 g6 10. Bg5 Bg7 11. Nd5 Qd8 12. Nb5 O-O 13. Qf3 Ne5
14. Nxf6+ Kh8 15. Qf4 c6 16. Nc3 h6 17. h4 Be6 18. O-O-O b5 19. Ng4 hxg5 20.
hxg5+ Kg8 21. Nf6+ Bxf6 22. gxf6 g5 23. Qxg5+ 1-0

[Event "Championnat de France 2022"]
[Site "ALBI, France"]
[Date "2022.08.18"]
[Round "6.1"]
[White "Bitbol-Delaveyne, Maelan"]
[Black "Pourquet, Matthieu"]
[Result "1/2-1/2"]
[WhiteElo "2116"]
[BlackElo "2190"]
[PlyCount "57"]
[EventDate "2022.??.??"]

1. Nf3 {5} f5 {113} 2. g3 {20} Nf6 {5} 3. Bg2 {8} g6 {4} 4. c4 {80} Bg7 {12} 5.
d4 {10} O-O {5} 6. b4 {100} d6 {566} 7. Bb2 {88} Ne4 {4} 8. Nbd2 {191} c5 {367}
9. a3 {1976} Nc6 {347} 10. e3 {1466} e6 {865} 11. Qc2 {381} cxd4 {159} 12. exd4
{285} Nxd2 {872} 13. Qxd2 {22} e5 {136} 14. O-O {796} e4 {36} 15. Ne1 {24} d5 {
32} 16. b5 {730} Ne7 {29} 17. c5 {37} f4 {89} 18. f3 {120} e3 {31} 19. Qe2 {31}
fxg3 {409} 20. Qxe3 {287} gxh2+ {9} 21. Kxh2 {22} Nf5 {13} 22. Qf2 {73} g5 {609
} 23. Nd3 {45} g4 {63} 24. fxg4 {60} Nh6 {182} 25. Qg3 {52} Nxg4+ {76} 26. Kg1
{9} Rxf1+ {55} 27. Rxf1 h5 {136} 28. Nf4 Bd7 29. Nxd5 1/2-1/2

[Event "Championnat de France 2022"]
[Site "ALBI, France"]
[Date "2022.08.18"]
[Round "6.2"]
[White "Saya, Ethan"]
[Black "Chamba, Antoine"]
[Result "1/2-1/2"]
[WhiteElo "2146"]
[BlackElo "2117"]
[PlyCount "49"]
[EventDate "2022.??.??"]

1. e4 {64} e5 {4} 2. Nf3 {6} Nc6 {3} 3. Bc4 {20} g6 {28} 4. O-O {676} Bg7 {16}
5. c3 {205} Nge7 {421} 6. d4 {104} exd4 {395} 7. cxd4 {163} d6 {194} 8. h3 {652
} O-O {55} 9. Nc3 {27} h6 {427} 10. d5 {1685} Na5 {1061} 11. Bd3 {194} c5 {185}
12. dxc6 {97} Naxc6 {534} 13. Bc4 {218} Ne5 {254} 14. Bb3 {142} Kh7 {417} 15.
Nd4 {75} N7c6 {355} 16. Ndb5 {137} Qh4 {207} 17. Qe2 {153} a6 {317} 18. Nxd6 {
43} Bxh3 {474} 19. gxh3 {613} Qxh3 {16} 20. f4 {90} Nd4 {21} 21. Qg2 {87} Ndf3+
{63} 22. Rxf3 {48} Nxf3+ {6} 23. Kf1 {38} Nh2+ {378} 24. Kg1 {11} Nf3+ {4} 25.
Kf1 {11} 1/2-1/2

[Event "Championnat de France 2022"]
[Site "ALBI, France"]
[Date "2022.08.18"]
[Round "6.3"]
[White "Devallee, Jeremie"]
[Black "Pieri, Pierre-Louis"]
[Result "1-0"]
[WhiteElo "2186"]
[BlackElo "2109"]
[PlyCount "83"]
[EventDate "2022.??.??"]

1. e4 {3} c5 {11} 2. Nf3 {5} e6 {18} 3. d4 {55} cxd4 {17} 4. c3 {6} dxc3 {54}
5. Nxc3 {6} Nc6 {25} 6. Bc4 {5} a6 {18} 7. O-O {6} b5 {15} 8. Bb3 {3} Bb7 {25}
9. Re1 {104} Nge7 {243} 10. Bg5 {136} h6 {22} 11. Be3 {5} Na5 {299} 12. Ne5 {87
} Nxb3 {737} 13. Bb6 {25} Qc8 {281} 14. Qf3 {18} Nf5 {51} 15. axb3 {220} Bd6 {
126} 16. Qg4 {35} Bxe5 {158} 17. exf5 {5} Qb8 {871} 18. fxe6 {673} dxe6 {318}
19. f4 {597} Qd6 {738} 20. Be3 {530} Bxc3 {415} 21. bxc3 {19} O-O-O {329} 22.
c4 {155} bxc4 {284} 23. bxc4 {241} f5 24. Qe2 {71} Qc6 {172} 25. Ra3 {838} Rhg8
{597} 26. Ra5 {244} Kb8 {9} 27. Rc5 {101} Qe4 {132} 28. Re5 {31} Qc6 {7} 29.
Rxe6 {47} Qd7 {169} 30. Bf2 {223} g5 {2} 31. Qe5+ {610} Kc8 {15} 32. Ba7 {232}
Qc7 {54} 33. Qxc7+ {5} Kxc7 {7} 34. Bb6+ {10} Kc8 {32} 35. Bxd8 {6} Kxd8 {62}
36. c5 {27} Be4 {47} 37. Rxa6 {5} Kc7 {8} 38. fxg5 {23} Rxg5 {9} 39. g3 {15} h5
{27} 40. Rh6 {13} Rg8 {43} 41. Rxh5 {335} Ra8 {5} 42. Rxe4 {118} 1-0

[Event "Championnat de France 2022"]
[Site "ALBI, France"]
[Date "2022.08.18"]
[Round "6.4"]
[White "Breuil, Tristan"]
[Black "Berger Dit Lacroix, Kilian"]
[Result "0-1"]
[WhiteElo "2101"]
[BlackElo "2131"]
[PlyCount "124"]
[EventDate "2022.??.??"]

1. e4 {3} c5 {9} 2. Nf3 {6} Nc6 {20} 3. d4 {87} cxd4 {6} 4. Nxd4 {7} Nf6 {11}
5. Nc3 {10} d6 {7} 6. Bg5 {5} e6 {15} 7. Qd2 {12} a6 {18} 8. O-O-O {15} Bd7 {22
} 9. f4 {16} h6 {74} 10. Bh4 {47} b5 {38} 11. Bxf6 {1619} gxf6 {7} 12. Kb1 {104
} Qb6 {260} 13. f5 {125} Nxd4 {169} 14. Qxd4 {44} Qxd4 {5} 15. Rxd4 {1} h5 {11}
16. Be2 {524} Rg8 {1091} 17. fxe6 {484} fxe6 {6} 18. Bxh5+ {87} Ke7 19. Bf3 {
790} Rb8 {1021} 20. Rhd1 {192} Rb6 {78} 21. b3 {182} Bh6 {236} 22. Ne2 {1255}
a5 {1580} 23. c3 {35} Rc8 {319} 24. h4 b4 {349} 25. c4 {15} a4 {7} 26. g3 {230}
Rc5 {24} 27. Nf4 {103} axb3 {349} 28. axb3 {1} Be8 {11} 29. Bg4 {31} Bf7 {56}
30. Nd3 {86} Ra5 {12} 31. Nb2 {14} Bg6 {91} 32. Na4 {61} Rba6 {55} 33. c5 {110}
d5 {251} 34. Rxb4 {4} Bxe4+ {11} 35. Ka2 {9} Rxc5 {29} 36. Rb8 {95} Rc2+ {99}
37. Ka3 Rg2 {68} 38. Kb4 {58} Bd2+ {116} 39. Ka3 {32} f5 {67} 40. Bh5 {21} Bc2
{49} 41. Rf1 {337} Rxg3 {275} 42. Kb2 {459} Be4 {422} 43. Re8+ {453} Kf6 {80}
44. Be2 {195} Rc6 {100} 45. Bb5 {186} Rc2+ {119} 46. Ka3 d4 {564} 47. Nb6 {58}
Bc6 {63} 48. Bxc6 {85} Rxc6 {1} 49. Nd7+ {57} Kf7 {19} 50. Ne5+ {43} Kxe8 {1}
51. Nxc6 {1} Bc3 {63} 52. Ne5 {226} Ke7 {136} 53. h5 {92} Kd6 {70} 54. Nf7+ {34
} Kc5 {60} 55. Ka2 {33} Rg7 {43} 56. b4+ {26} Kxb4 {28} 57. Rb1+ {16} Ka4 {12}
58. Rb7 {48} Rg2+ {5} 59. Kb1 {2} d3 {32} 60. Ra7+ {1} Kb3 {7} 61. Rb7+ {13}
Bb4 {7} 62. Rc7 {13} d2 {15} 0-1

[Event "Championnat de France 2022"]
[Site "ALBI, France"]
[Date "2022.08.18"]
[Round "6.5"]
[White "Zounani, Yacine"]
[Black "Lam, Sophie"]
[Result "1/2-1/2"]
[WhiteElo "2125"]
[BlackElo "2055"]
[PlyCount "87"]
[EventDate "2022.??.??"]

1. d4 {3} Nf6 {12} 2. c4 {6} g6 {6} 3. g3 {12} Bg7 {9} 4. Bg2 {9} O-O {35} 5.
Nc3 {7} d6 {76} 6. Nf3 {6} Nbd7 {228} 7. O-O {10} Re8 {88} 8. e4 {25} e5 {225}
9. d5 {69} Nc5 {1330} 10. Ne1 {8} a5 {129} 11. b3 {187} Bd7 {2129} 12. f3 {933}
Rf8 {692} 13. Rb1 {274} Ne8 {264} 14. a3 {342} a4 {154} 15. b4 {285} Nb3 {5}
16. Be3 {49} f5 {38} 17. Nc2 {726} f4 {143} 18. Bf2 {47} fxg3 {7} 19. hxg3 {42}
Nf6 {150} 20. Na1 {279} Nd4 {129} 21. Ne2 {24} Nxe2+ {141} 22. Qxe2 {2} Nh5 {6}
23. Nc2 {273} Qg5 {44} 24. Qe3 {55} Qe7 {44} 25. Ne1 {239} g5 {56} 26. Nd3 {417
} Rf7 {40} 27. Rfc1 {302} Raf8 {29} 28. c5 {26} g4 {20} 29. fxg4 {265} Bxg4 {4}
30. Rc2 {102} Qf6 {64} 31. cxd6 {82} cxd6 {34} 32. Ne1 {154} Qg6 {33} 33. Qd3 {
92} Nf6 {29} 34. b5 {154} Qh5 {24} 35. b6 {100} Bh3 {38} 36. Bf3 {516} Qg6 {31}
37. Rc7 {120} Ng4 {22} 38. Rxf7 {71} Rxf7 {25} 39. Bxg4 {66} Bxg4 {24} 40. Rb2
{119} Qh5 {40} 41. Rc2 {120} Bh6 {621} 42. Qb5 {669} Bd7 {520} 43. Qd3 {119}
Bg4 {351} 44. Qb5 {820} 1/2-1/2

[Event "Championnat de France 2022"]
[Site "ALBI, France"]
[Date "2022.08.19"]
[Round "7.1"]
[White "Pourquet, Matthieu"]
[Black "Chamba, Antoine"]
[Result "1-0"]
[WhiteElo "2190"]
[BlackElo "2117"]
[PlyCount "47"]
[EventDate "2022.??.??"]

1. Nf3 {33} Nf6 {5} 2. c4 {8} g6 {13} 3. g3 {26} Bg7 {8} 4. Bg2 {3} d6 {7} 5.
O-O {11} O-O {20} 6. Nc3 {4} c5 {6} 7. d4 {24} Nc6 {11} 8. dxc5 {35} dxc5 {2}
9. Be3 {35} Qa5 {723} 10. Qb3 {37} Ng4 {2134} 11. Bf4 {601} e5 {531} 12. Bd2 {
17} Nd4 {20} 13. Qd1 {468} Qa6 {846} 14. b3 {597} Be6 {572} 15. Ng5 {583} Rad8
{22} 16. e3 {201} Nf5 {128} 17. Nxe6 {832} fxe6 {589} 18. Qxg4 {203} Rxd2 {7}
19. Ne4 {3} Rb2 {150} 20. Nxc5 {166} Qd6 {102} 21. Nxe6 {221} Rf6 {90} 22. Ng5
{460} h5 {54} 23. Qf3 {135} Nh4 {50} 24. Qd5+ {10} 1-0

[Event "Championnat de France 2022"]
[Site "ALBI, France"]
[Date "2022.08.19"]
[Round "7.2"]
[White "Trabet, Mathis"]
[Black "Devallee, Jeremie"]
[Result "1-0"]
[WhiteElo "2066"]
[BlackElo "2186"]
[PlyCount "101"]
[EventDate "2022.??.??"]

1. e4 {2} c5 {234} 2. Nf3 {12} d6 {7} 3. Bb5+ {6} Nd7 {204} 4. d4 {68} cxd4 {14
} 5. Qxd4 {28} a6 {235} 6. Bxd7+ {30} Bxd7 {402} 7. Nc3 {26} e6 {133} 8. Bg5 {
243} Nf6 {32} 9. O-O-O {34} Bc6 {1078} 10. e5 {172} Bxf3 {1279} 11. gxf3 {739}
Qa5 {5} 12. Bxf6 {298} gxf6 {147} 13. exd6 {40} Qe5 {372} 14. d7+ {1292} Kd8 {
62} 15. Qd3 {238} Be7 {170} 16. Rhg1 {288} Qxh2 {264} 17. Rg7 {608} Qh6+ {7}
18. Qe3 {3} Qxe3+ {256} 19. fxe3 {117} b5 {29} 20. Rxf7 {103} Ra7 {344} 21. Rg1
{752} Rxd7 {65} 22. Rgg7 {43} h6 {69} 23. Ne4 {47} Rf8 {110} 24. Nxf6 {270}
Rxf7 {22} 25. Rxf7 {6} Rc7 {85} 26. Kd1 {57} Rc5 {46} 27. Ng8 {88} Rd5+ {301}
28. Ke2 {23} Bb4 {6} 29. c3 {29} Rg5 {27} 30. Nxh6 {54} Be7 {11} 31. Ng4 {19}
Rh5 {51} 32. Rf4 {34} Rh1 {30} 33. Rd4+ {7} Kc7 {12} 34. Rd1 {6} Rh8 {22} 35.
Kd3 {77} Rh3 {28} 36. Ke4 {15} Rg3 {38} 37. Rd2 {100} Bd6 {15} 38. b3 {94} Kc6
{5} 39. c4 {83} b4 {38} 40. Nf6 {103} a5 {80} 41. Rc2 {490} Rg1 {273} 42. Ng4 {
110} Re1 {90} 43. c5 {208} Bb8 {26} 44. Nf2 {59} Bc7 {154} 45. Nd3 {48} Rd1 {53
} 46. Nf4 {304} Kd7 {245} 47. Ng6 {111} Kc6 {394} 48. Nf8 {318} e5 {13} 49. Ng6
{47} Re1 {35} 50. Ne7+ {67} Kb5 {206} 51. Nd5 {27} 1-0

[Event "Championnat de France 2022"]
[Site "ALBI, France"]
[Date "2022.08.19"]
[Round "7.3"]
[White "Berger Dit Lacroix, Kilian"]
[Black "Bitbol-Delaveyne, Maelan"]
[Result "0-1"]
[WhiteElo "2131"]
[BlackElo "2116"]
[PlyCount "122"]
[EventDate "2022.??.??"]

1. e4 {2} d5 {9} 2. exd5 {6} Qxd5 {5} 3. Nc3 {7} Qd6 {6} 4. d4 {20} Nf6 {12} 5.
Nf3 {134} c6 {26} 6. Be3 {477} Bg4 {463} 7. h3 {210} Bh5 {54} 8. Be2 {436} Nbd7
{588} 9. Qd2 {249} e6 {48} 10. O-O-O {251} Qc7 {337} 11. g4 {257} Bg6 {38} 12.
Nh4 {52} Bb4 {163} 13. Nxg6 {572} hxg6 {141} 14. Qd3 {159} Qa5 {920} 15. Kb1 {
59} O-O-O {1047} 16. Ne4 {943} Nxe4 {424} 17. Qxe4 {100} Nf6 {33} 18. Qf3 {63}
Rd7 {673} 19. c4 {728} Rhd8 {162} 20. a3 {169} Bd6 {54} 21. Rc1 {58} g5 {538}
22. Rhd1 {91} Bf4 {96} 23. Bxf4 {41} gxf4 {2} 24. Qxf4 {27} Qb6 {34} 25. Qe5 {
446} Rxd4 {77} 26. c5 {114} Qc7 {4} 27. Qxd4 {25} Rxd4 {3} 28. Rxd4 {4} Qe5 {27
} 29. Rd2 {48} Nd5 {135} 30. Bf3 {97} Nf4 {48} 31. Rcd1 {38} Qxc5 {111} 32.
Rd8+ Kc7 {2} 33. R8d7+ {21} Kb6 {5} 34. Rxf7 {72} Nd5 {92} 35. Bxd5 {156} exd5
{3} 36. Re1 {5} Qd4 {34} 37. Ree7 {62} Qd3+ {16} 38. Kc1 {22} Kc5 {253} 39. Re3
Qf1+ {16} 40. Kd2 {2} a5 {94} 41. h4 {185} a4 {308} 42. Re2 {533} b5 {321} 43.
Rxg7 {510} Qb1 {135} 44. Rd7 {208} Qxb2+ {204} 45. Ke3 {8} d4+ {31} 46. Kf3 {31
} Qxa3+ {13} 47. Ke4 {28} Qc3 {550} 48. h5 {44} Qc4 {42} 49. Kf3 {5} Qd3+ {67}
50. Re3 {51} Qd1+ {16} 51. Kf4 {30} Qc1 {25} 52. Rxd4 {54} Kxd4 {3} 53. h6 {4}
a3 {186} 54. h7 {170} Qh1 {6} 55. Re7 {24} a2 {59} 56. Ra7 {4} a1=Q {88} 57.
Rxa1 {5} Qxh7 {4} 58. g5 {5} Qe4+ {31} 59. Kg3 {4} Ke5 {49} 60. Kh3 {64} Qf3+ {
25} 61. Kh4 {6} Kf5 {38} 0-1

[Event "Championnat de France 2022"]
[Site "ALBI, France"]
[Date "2022.08.19"]
[Round "7.4"]
[White "Baroyan, Davit"]
[Black "Garrido, Mihai"]
[Result "1-0"]
[WhiteElo "2144"]
[BlackElo "2044"]
[PlyCount "107"]
[EventDate "2022.??.??"]

1. d4 {6} Nf6 {6} 2. c4 {4} g6 {3} 3. Nc3 {5} Bg7 {2} 4. e4 {8} d6 {3} 5. Nf3 {
8} O-O {4} 6. Be2 {8} e5 {4} 7. O-O {6} Bg4 {5} 8. d5 {224} a5 {2} 9. Be3 {24}
Na6 {3} 10. Nd2 {53} Bd7 {6} 11. a3 {148} h5 {9} 12. f3 {726} Kh7 {59} 13. b4 {
1398} axb4 {152} 14. axb4 {23} Nxb4 {1026} 15. Qb3 {392} Rxa1 {124} 16. Rxa1 {5
} c5 {13} 17. dxc6 {131} Nxc6 {32} 18. Qxb7 {253} Qb8 {1960} 19. Rb1 {215} Qxb7
{229} 20. Rxb7 {104} Rb8 {188} 21. Rxb8 {10} Nxb8 22. c5 {155} dxc5 {69} 23.
Bxc5 {9} Bh6 {306} 24. Nc4 {237} Nc6 {21} 25. Bd6 {923} Bg7 {32} 26. Nb6 {390}
Be6 {34} 27. Bb5 {45} Nd4 {91} 28. Ba4 {293} Ng8 {23} 29. Nd7 {95} Bxd7 {154}
30. Bxd7 {2} Nh6 {190} 31. Nd5 {155} Ng8 {408} 32. Be8 {32} f6 {30} 33. Kf2 {53
} Bh6 {24} 34. Bf7 {45} Bg5 {32} 35. g3 {20} h4 {13} 36. f4 {122} hxg3+ {8} 37.
hxg3 {5} exf4 {5} 38. Nxf4 {158} Kg7 {83} 39. Be8 {13} Bxf4 {88} 40. gxf4 {35}
Nh6 {81} 41. Ke1 {694} Nf7 {43} 42. Bc5 {234} Ne6 {12} 43. Be3 {12} f5 {210}
44. Bd7 {84} Kf6 {48} 45. e5+ {31} Nxe5 {17} 46. fxe5+ {12} Kxe5 {5} 47. Kf2 {
151} g5 {31} 48. Bc1 {87} f4 {64} 49. Kf3 {97} Kf5 {23} 50. Bb2 {22} g4+ {44}
51. Kf2 {74} Ke4 {156} 52. Bxe6 {9} g3+ {1} 53. Kg2 {19} Ke3 {6} 54. Bd5 {
Ke4 6 30} 1-0